One false note / (Record no. 33346)
[ view plain ]
| 000 -LEADER | |
|---|---|
| fixed length control field | 03735nam a2200469 a 4500 |
| 005 - DATE AND TIME OF LATEST TRANSACTION | |
| control field | 2009122400030.0 |
| 010 ## - LCCN (DPL NO) | |
| LC control number | B-389470-484 B-444586 |
| 020 ## - INTERNATIONAL STANDARD BOOK NUMBER | |
| International Standard Book Number | 9780545117548 |
| Terms of availability | 475.00 |
| 035 ## - SYSTEM CONTROL NUMBER | |
| System control number | B-389470-484 B-444586 |
| 037 ## - SOURCE OF ACQUISITION | |
| Source of stock number/acquisition | Scholastic |
| 037 ## - SOURCE OF ACQUISITION | |
| Source of stock number/acquisition | Blue Berry/Ven |
| 082 ## - DEWEY DECIMAL CLASSIFICATION NUMBER | |
| Classification number | S |
| 100 ## - MAIN ENTRY--PERSONAL NAME | |
| Personal name | Korman, Gordon |
| 245 ## - TITLE STATEMENT | |
| Title | One false note / |
| Statement of responsibility, etc | by Gordon Korman |
| 260 ## - PUBLICATION, DISTRIBUTION, ETC. (IMPRINT) | |
| Place of publication, distribution, etc | New York |
| Name of publisher, distributor, etc | Scholastic |
| Date of publication, distribution, etc | 2008 |
| 270 ## - ADDRESS | |
| Address | 557 Braodway |
| City | New York |
| Postal code | 10012 |
| 300 ## - PHYSICAL DESCRIPTION | |
| Extent | 174 p. |
| Dimensions | 20 cm(Hb) |
| 490 ## - SERIES STATEMENT | |
| Series statement | The 39 clues ; book 2 |
| -- | 38915 |
| 650 ## - SUBJECT ADDED ENTRY--TOPICAL TERM | |
| Topical term or geographic name as entry element | Mystery and detective stories. |
| 650 ## - SUBJECT ADDED ENTRY--TOPICAL TERM | |
| Topical term or geographic name as entry element | Ciphers |
| Form subdivision | Fiction. |
| 650 ## - SUBJECT ADDED ENTRY--TOPICAL TERM | |
| Topical term or geographic name as entry element | Adventure and adventurers |
| Form subdivision | Fiction. |
| 650 ## - SUBJECT ADDED ENTRY--TOPICAL TERM | |
| Topical term or geographic name as entry element | Brothers and sisters |
| Form subdivision | Fiction. |
| 942 ## - ADDED ENTRY ELEMENTS (KOHA) | |
| Source of classification or shelving scheme | Dewey Decimal Classification |
| Item type | Children Books |
| Call number suffix | KOR |
| Classification part | S |
| Withdrawn status | Lost status | Not for loan | Collection code | Home library | Current library | Date acquired | Source of acquisition | Cost, normal purchase price | Full call number | Barcode | Copy number | Cost, replacement price | Koha item type |
|---|---|---|---|---|---|---|---|---|---|---|---|---|---|
| Fiction | Bawana | Bawana | 01/06/2010 | Scholastic/TR-B-02585HQ/29.3.20/169/27.1.10/29.3.10 | 475.00 | S KOR | B-389480 | 1 | 475.00 | Children Books | |||
| Fiction | Bawana | Bawana | 01/06/2010 | Scholastic/TR-B-02585HQ/29.3.20/169/27.1.10/29.3.10 | 475.00 | S KOR | B-389482 | 1 | 475.00 | Children Books | |||
| Fiction | Central Library | Central Library | 01/06/2010 | Scholastic/TR-B-02585HQ/29.3.20/169/27.1.10/29.3.10 | 475.00 | S KOR | B-389474 | 4 | 475.00 | Children Books | |||
| Fiction | Janak Puri | Janak Puri | 01/06/2010 | Scholastic/TR-B-02585HQ/29.3.20/169/27.1.10/29.3.10 | 475.00 | S KOR | B-389476 | 1 | 475.00 | Children Books | |||
| Fiction | Mobile Library | Mobile Library | 01/06/2010 | Scholastic/TR-B-02585HQ/29.3.20/169/27.1.10/29.3.10 | 475.00 | S KOR | B-389470 | 4 | 475.00 | Children Books | |||
| Fiction | Mobile Library | Mobile Library | 01/06/2010 | Scholastic/TR-B-02585HQ/29.3.20/169/27.1.10/29.3.10 | 475.00 | S KOR | B-389471 | 4 | 475.00 | Children Books | |||
| Fiction | Mobile Library | Mobile Library | 01/06/2010 | Scholastic/TR-B-02585HQ/29.3.20/169/27.1.10/29.3.10 | 475.00 | S KOR | B-389472 | 4 | 475.00 | Children Books | |||
| Fiction | Mobile Library | Mobile Library | 01/06/2010 | Scholastic/TR-B-02585HQ/29.3.20/169/27.1.10/29.3.10 | 475.00 | S KOR | B-389473 | 4 | 475.00 | Children Books | |||
| Fiction | Narela | Narela | 01/06/2010 | Scholastic/TR-B-02585HQ/29.3.20/169/27.1.10/29.3.10 | 475.00 | S KOR | B-389481 | 1 | 475.00 | Children Books | |||
| Fiction | Patel Nagar | Patel Nagar | 01/06/2010 | Scholastic/TR-B-02585HQ/29.3.20/169/27.1.10/29.3.10 | 475.00 | S KOR | B-389475 | 1 | 475.00 | Children Books | |||
| Written-off vide DLB M. No. 383 dt 16.05.19 | Fiction | R.K.Puram-8 | R.K.Puram-8 | 01/06/2010 | Scholastic/TR-B-02585HQ/29.3.20/169/27.1.10/29.3.10 | 475.00 | S KOR | B-389478 | 1 | 475.00 | Children Books | ||
| Fiction | Sarojini Nagar | Sarojini Nagar | 01/06/2010 | Scholastic/TR-B-02585HQ/29.3.20/169/27.1.10/29.3.10 | 475.00 | S KOR | B-389477 | 1 | 475.00 | Children Books | |||
| Fiction | Sarojini Nagar | Sarojini Nagar | 11/01/2012 | Blue Berry/7042/29.9.2011/83/21.3.2011/12.10.2011 | 475.00 | S KOR | B-444586 | 1 | 475.00 | Children Books | |||
| Written-off vide DLB M. No. 383 dt 16.05.19 | Fiction | Shahdara Branch | Shahdara Branch | 01/06/2010 | Scholastic/TR-B-02585HQ/29.3.20/169/27.1.10/29.3.10 | 475.00 | S KOR | B-389483 | 1 | 475.00 | Children Books | ||
| Fiction | Vinoba Puri | Vinoba Puri | 01/06/2010 | Scholastic/TR-B-02585HQ/29.3.20/169/27.1.10/29.3.10 | 475.00 | S KOR | B-389479 | 1 | 475.00 | Children Books | |||
| Fiction | Yojana Vihar | Yojana Vihar | 01/06/2010 | Scholastic/TR-B-02585HQ/29.3.20/169/27.1.10/29.3.10 | 475.00 | S KOR | B-389484 | 1 | 475.00 | Children Books |
